|
|
|
|
| LEADER |
00956nam a2200193 a 4500 |
| 001 |
GR-MES10979 |
| 008 |
061023s gr 000 0 gre d |
| 040 |
|
|
|a GrPaTEI
|b gre
|c GR-PaULI
|
| 040 |
|
|
|a GrPaTEI
|b gre
|c GR-PaULI
|
| 110 |
2 |
|
|a Διεθνής Ολυμπιακή Ακαδημία
|
| 245 |
1 |
0 |
|a Διεθνής Ολυμπιακή Ακαδημία /
|c Διεθνής Ολυμπιακή Ακαδημία.
|
| 260 |
|
|
|a Αρχαία Ολυμπία :
|b Διεθνής Ολυμπιακή Ακαδημία,
|c 20-[?]
|
| 300 |
|
|
|a 61σελ. :
|b εγχ. εικ. ;
|c 24εκ.
|
| 650 |
|
4 |
|a Διεθνής Ολυμπιακή Ακαδημία
|
| 650 |
|
4 |
|a Ολυμπιακοί αγώνες
|
| 942 |
|
|
|2 ddc
|
| 952 |
|
|
|0 0
|1 0
|2 ddc
|4 0
|6 796_480000000000000_ΔΙΕ
|7 0
|9 270204
|a MSLG
|b MSLG
|c BSC
|d 2021-01-17
|e 24
|f 0
|g 0.00
|l 0
|o 796.48 ΔΙΕ
|p 2420000018686
|r 2021-01-17 00:00:00
|t 1
|w 2021-01-17
|y BK15
|x 20061023 0 1
|x GrPaTEI
|
| 971 |
|
|
|a .b25770263
|b 15-04-20
|c 13-09-16
|
| 999 |
|
|
|c 156033
|d 156033
|